000 00530nam a2200217Ia 4500
003 OSt
005 20220928140938.0
006 a|||||r|||| 00| 0
007 ta
008 220927b |||||||| |||| 00| 0 eng d
024 _a12599
037 _cTextual
040 _aSDCL
_cSDCL
_beng
041 _2eng
_aeng
082 _aO-,3N:g(Y), L8
100 _aColmer John
_9495305
245 0 _aColeridge to catch-22.
260 _c1978
942 _hO-,3N:g(Y), L8
_cTEXL
_2CC
999 _c815008
_d815008